[Event "Heart of Finland op 30th"]
[Site "Jyvaskyla"]
[Date "2022.07.23"]
[Round "8"]
[White "Hartio, Ilkka"]
[Black "Ronka, Erik"]
[Result "0-1"]
[WhiteElo "1982"]
[BlackElo "2272"]
[PlyCount "96"]
[EventDate "2022.07.18"]
[EventType "swiss"]
[EventRounds "9"]
[EventCountry "FIN"]
[SourceTitle "CBM 209 Extra"]
[Source "ChessBase"]
[SourceDate "2022.09.30"]
[SourceVersion "1"]
[SourceVersionDate "2022.09.30"]
[SourceQuality "1"]

1. e4 c5 2. c3 Nf6 3. e5 Nd5 4. d4 cxd4 5. cxd4 d6 6. Nf3 e6 7. Bc4 Be7 8. Qe2 0-0 9. 0-0 Nc6 10. Nc3 Nxc3 11. bxc3 dxe5 12. dxe5 Qc7 13. Bd2 b6 14. Rfe1 Rd8 15. Rad1 Bb7 16. Bd3 Rd5 17. c4 Rd7 18. Bc3 Rad8 19. Be4 Ba6 20. Rxd7 Rxd7 21. Bd3 Nb4 22. Bxb4 Bxb4 23. Rb1 Be7 24. Qc2 g6 25. h3 Rd8 26. Rd1 Bb7 27. Re1 Bxf3 28. gxf3 Bc5 29. Re4 Bd4 30. f4 Qe7 31. Kg2 Qa3 32. Bf1 Bc5 33. Re2 Qa5 34. Qb3 Rd4 35. Kg3 Kg7 36. Bg2 Rd2 37. Bf1 Rxe2 38. Bxe2 Qe1 39. Qf3 Qg1+ 40. Qg2 Qa1 41. h4 Qxa2 42. Qf3 h5 43. Kg2 a5 44. Bd1 a4 45. Qg3 a3 46. f5 Qxf2+ 47. Qxf2 Bxf2 48. fxe6 fxe6 0-1

[Event "Jyvaskyla Winter WE op"]
[Site "Jyvaskyla"]
[Date "2020.02.02"]
[Round "5"]
[White "Hartio, Ilkka"]
[Black "Blinkov, Pavel Vladimir"]
[Result "0-1"]
[WhiteElo "2025"]
[BlackElo "2291"]
[PlyCount "110"]
[EventDate "2020.01.31"]
[EventType "swiss"]
[EventRounds "5"]
[EventCountry "FIN"]
[SourceTitle "EXT 2021"]
[Source "ChessBase"]
[SourceDate "2020.10.23"]
[SourceVersion "1"]
[SourceVersionDate "2020.10.23"]
[SourceQuality "1"]

1. Nf3 d6 2. d4 f5 3. g3 Nf6 4. Bg2 e6 5. c4 Be7 6. Nc3 0-0 7. 0-0 a5 8. Re1 Ne4 9. d5 Nxc3 10. bxc3 e5 11. e3 b6 12. Nd2 Nd7 13. Ba3 Nf6 14. f4 Rb8 15. Rb1 Ba6 16. Bf1 Nd7 17. Nf3 Bf6 18. Qc2 g6 19. Kh1 Qe7 20. Qd2 Qg7 21. Rbc1 Rbe8 22. Kg2 g5 23. fxe5 Nxe5 24. Nxe5 Rxe5 25. Bd3 g4 26. Bb2 Qh6 27. Rb1 Bg5 28. Bc1 Rfe8 29. Qf2 Bc8 30. Re2 Bxe3 31. Bxe3 Rxe3 32. Rbb2 Rxe2 33. Rxe2 Rxe2 34. Qxe2 Kf7 35. Qf2 Qg5 36. Qe1 h5 37. Kf2 Qf6 38. Qd2 Kg6 39. Bf1 Bd7 40. Bg2 Qe5 41. Qd3 Kg5 42. Bf1 Be8 43. Qc2 f4 44. Qd2 Bg6 45. Be2 Be4 46. Bd1 h4 47. Ba4 Bf5 48. Bb3 Qe4 49. Kg1 hxg3 50. hxg3 Qf3 51. gxf4+ Qxf4 52. Qe1 Be4 53. Ba4 g3 54. Bd1 Kf6 55. Bc2 Qf2+ 0-1

[Event "Jyvaskyla Winter WE op"]
[Site "Jyvaskyla"]
[Date "2020.01.31"]
[Round "3"]
[White "Hartio, Ilkka"]
[Black "Puuska, Heini"]
[Result "1-0"]
[WhiteElo "2025"]
[BlackElo "1995"]
[PlyCount "97"]
[EventDate "2020.01.31"]
[EventType "swiss"]
[EventRounds "5"]
[EventCountry "FIN"]
[SourceTitle "EXT 2021"]
[Source "ChessBase"]
[SourceDate "2020.10.23"]
[SourceVersion "1"]
[SourceVersionDate "2020.10.23"]
[SourceQuality "1"]

1. Nf3 d5 2. g3 Nf6 3. c4 e6 4. Bg2 Be7 5. 0-0 0-0 6. d4 b6 7. Nc3 Bb7 8. Ne5 Na6 9. Bg5 h6 10. Bxf6 Bxf6 11. Qa4 Bxe5 12. dxe5 Nc5 13. Qc2 dxc4 14. Bxb7 Nxb7 15. Qe4 Na5 16. Rad1 Qe7 17. Rd4 Rad8 18. Rfd1 Rxd4 19. Qxd4 a6 20. a4 Qb4 21. Qd2 Nb3 22. Qc2 Nc5 23. Rd4 b5 24. axb5 axb5 25. Kg2 Qa5 26. h3 Qa8+ 27. Kh2 Qc6 28. f4 Nb3 29. Rd1 Qc5 30. Kg2 h5 31. Ne4 Qc6 32. Kh2 Nc5 33. Ng5 g6 34. Rd4 Ra8 35. Qd1 Qe8 36. g4 hxg4 37. hxg4 Kg7 38. Kg3 Qh8 39. Qg1 Ra2 40. Rd1 Rxb2 41. Qxc5 Rb3+ 42. Nf3 g5 43. fxg5 Kg6 44. Qxc7 c3 45. Rd8 Qh7 46. Qe7 Qg7 47. Rg8 Qxg8 48. Qf6+ Kh7 49. Qh6# 1-0

[Event "Tampere Tammer Autumn op"]
[Site "Tampere"]
[Date "2019.10.13"]
[Round "3"]
[White "Hartio, Ilkka"]
[Black "Salmelin, Aaro"]
[Result "1/2-1/2"]
[WhiteElo "2020"]
[BlackElo "2020"]
[PlyCount "48"]
[EventDate "2019.10.12"]
[EventType "swiss"]
[EventRounds "4"]
[EventCountry "FIN"]
[SourceTitle "EXT 2021"]
[Source "ChessBase"]
[SourceDate "2020.10.23"]
[SourceVersion "1"]
[SourceVersionDate "2020.10.23"]
[SourceQuality "1"]

1. e4 e5 2. Nf3 Nc6 3. Bb5 a6 4. Ba4 Nf6 5. 0-0 Nxe4 6. Re1 Nc5 7. Bxc6 dxc6 8. d4 Ne6 9. dxe5 Qxd1 10. Rxd1 Bc5 11. Nc3 0-0 12. Ne4 Bb6 13. h3 Re8 14. b3 Nf8 15. Ng3 Be6 16. c4 Rad8 17. Bg5 Rxd1+ 18. Rxd1 Nd7 19. Bc1 f6 20. exf6 Nxf6 21. Bb2 Bf7 22. Ne5 Be6 23. Nf3 Bf7 24. Ne5 Be6 1/2-1/2

[Event "Heart of Finland op 29th"]
[Site "Jyvaskyla"]
[Date "2019.07.20"]
[Round "8"]
[White "Iivonen, Markku"]
[Black "Hartio, Ilkka"]
[Result "1/2-1/2"]
[WhiteElo "2130"]
[BlackElo "2006"]
[PlyCount "108"]
[EventDate "2019.07.15"]
[EventType "swiss"]
[EventRounds "9"]
[EventCountry "FIN"]
[SourceTitle "EXT 2021"]
[Source "ChessBase"]
[SourceDate "2020.10.23"]
[SourceVersion "1"]
[SourceVersionDate "2020.10.23"]
[SourceQuality "1"]

1. d4 c6 2. c4 d5 3. Nc3 Nf6 4. Nf3 e6 5. e3 Nbd7 6. Bd3 b6 7. 0-0 Be7 8. e4 dxe4 9. Nxe4 0-0 10. Bf4 Nh5 11. Be3 Bb7 12. Qc2 g6 13. c5 Ndf6 14. Nc3 Nd5 15. Nxd5 exd5 16. b4 b5 17. Rfe1 Qc7 18. g3 Rfe8 19. Ne5 Bf8 20. a4 a6 21. axb5 axb5 22. Kg2 Rxa1 23. Rxa1 Ra8 24. Rxa8 Bxa8 25. Qa2 Bb7 26. Qa7 f6 27. Nf3 Be7 28. h3 Qc8 29. g4 Ng7 30. g5 Ne6 31. gxf6 Bxf6 32. Ne5 Bxe5 33. dxe5 Kf7 34. f4 Ng7 35. Bf2 Nf5 36. Bxf5 gxf5 37. Kf3 Ke6 38. Qb6 Qd7 39. Bd4 Qc8 40. Kg3 Qg8+ 41. Kh4 Qc8 42. Kg3 Qg8+ 43. Kf3 Qc8 44. Bf2 Qd7 45. Bd4 Qc8 46. Ke2 Qd7 47. Kd3 Qc8 48. Bf2 Qd7 49. Qa7 Qc8 50. Ke2 Qa8 51. Qb6 Qc8 52. Bh4 Kd7 53. Kf3 Ke6 54. Qa7 Qa8 1/2-1/2

[Event "Heart of Finland op 29th"]
[Site "Jyvaskyla"]
[Date "2019.07.18"]
[Round "6"]
[White "Lonnqvist, Henrik"]
[Black "Hartio, Ilkka"]
[Result "0-1"]
[WhiteElo "2038"]
[BlackElo "2006"]
[PlyCount "110"]
[EventDate "2019.07.15"]
[EventType "swiss"]
[EventRounds "9"]
[EventCountry "FIN"]
[SourceTitle "EXT 2021"]
[Source "ChessBase"]
[SourceDate "2020.10.23"]
[SourceVersion "1"]
[SourceVersionDate "2020.10.23"]
[SourceQuality "1"]

1. e4 c6 2. d4 d5 3. Nc3 dxe4 4. Nxe4 Bf5 5. Ng3 Bg6 6. Nf3 Nd7 7. h4 h6 8. h5 Bh7 9. Bc4 e6 10. Qe2 Ngf6 11. Bb3 Be7 12. Bd2 Qc7 13. c4 0-0 14. Bc3 a5 15. a3 Rfe8 16. Ne5 Nxe5 17. dxe5 Nd7 18. Bc2 Bxc2 19. Qxc2 b5 20. cxb5 cxb5 21. Qe4 Nc5 22. Qe2 Nb3 23. Rd1 b4 24. Bd4 Red8 25. Be3 Qxe5 26. 0-0 bxa3 27. bxa3 a4 28. Rxd8+ Rxd8 29. Qg4 Nc5 30. Bxh6 f5 31. Qg6 Qf6 32. Bc1 Nb3 33. Ne2 Qxg6 34. hxg6 Rc8 35. Re1 Nxc1 36. Nxc1 Bxa3 37. Nd3 Rd8 38. Re3 Kf8 39. Nf4 Rd1+ 40. Kh2 Bd6 41. g3 Bxf4 42. gxf4 Rd6 43. Kg3 Ke7 44. Kh4 Kf6 45. Kh5 Rd8 46. Kh4 Ra8 47. Ra3 Kxg6 48. Kg3 Kf6 49. Kf3 e5 50. Ke3 Ke6 51. fxe5 Kxe5 52. f4+ Kd5 53. Rd3+ Kc5 54. Rc3+ Kb4 55. Rc7 a3 0-1

[Event "Kuopio KSY op-A"]
[Site "Kuopio"]
[Date "2019.04.28"]
[Round "4"]
[White "Hartio, Ilkka"]
[Black "Kolegov, Andrey"]
[Result "1-0"]
[WhiteElo "2009"]
[BlackElo "2008"]
[PlyCount "59"]
[EventDate "2019.04.27"]
[EventType "swiss"]
[EventRounds "5"]
[EventCountry "FIN"]
[SourceTitle "EXT 2021"]
[Source "ChessBase"]
[SourceDate "2020.10.23"]
[SourceVersion "1"]
[SourceVersionDate "2020.10.23"]
[SourceQuality "1"]

1. Nf3 Nf6 2. d4 g6 3. Bf4 Bg7 4. Nbd2 d5 5. e3 Nh5 6. Bg5 0-0 7. Be2 b6 8. c3 a5 9. a4 Qd6 10. 0-0 h6 11. Bh4 g5 12. Ne1 Nf6 13. Bg3 Qd7 14. Nd3 Nc6 15. Ne5 Nxe5 16. Bxe5 Ba6 17. Bxa6 Rxa6 18. Qe2 Ra7 19. e4 dxe4 20. Bxf6 Bxf6 21. Nxe4 Bg7 22. Rfe1 c6 23. Rad1 Qf5 24. Qc4 Qd5 25. Qxd5 cxd5 26. Ng3 e6 27. Nh5 Bh8 28. f4 Kh7 29. fxg5 hxg5 30. g4 1-0

[Event "FIN-chT1B 1819"]
[Site "Finland"]
[Date "2018.12.08"]
[Round "4.5"]
[White "Hartio, Ilkka"]
[Black "Bjarnemark, Douglas"]
[Result "1/2-1/2"]
[WhiteElo "2002"]
[BlackElo "2029"]
[PlyCount "66"]
[EventDate "2018.09.15"]
[EventType "team-tourn"]
[EventRounds "7"]
[EventCountry "FIN"]
[SourceTitle "EXT 2020"]
[Source "ChessBase"]
[SourceDate "2019.10.17"]
[SourceVersion "1"]
[SourceVersionDate "2019.10.17"]
[SourceQuality "1"]
[WhiteTeam "Jyvaskyla JyS II"]
[BlackTeam "Kuopio KSY"]
[WhiteTeamCountry "FIN"]
[BlackTeamCountry "FIN"]

1. e4 d5 2. exd5 Qxd5 3. Nf3 Nf6 4. d4 c6 5. Be2 Bf5 6. 0-0 e6 7. c4 Qa5 8. Nc3 Be7 9. Bf4 0-0 10. a3 Ne4 11. Qb3 Qb6 12. Qxb6 axb6 13. Rac1 Nd7 14. Ne5 Nxe5 15. Bxe5 Nd2 16. Rfe1 Nb3 17. Rcd1 Bc2 18. Nb1 Rfd8 19. Bc7 Rxd4 20. Rxd4 Nxd4 21. Bf1 b5 22. Be5 Bf6 23. Bxf6 gxf6 24. cxb5 Bxb1 25. Rxb1 cxb5 26. Rc1 Rd8 27. g3 b6 28. Kg2 Kg7 29. Rc7 Rd6 30. Rb7 e5 31. g4 Rc6 32. Bd3 Rd6 33. Bf1 Re6 1/2-1/2

[Event "Tampere TammerSh fall-B"]
[Site "Tampere"]
[Date "2018.10.14"]
[Round "4"]
[White "Granat, Simo"]
[Black "Hartio, Ilkka"]
[Result "0-1"]
[WhiteElo "1951"]
[BlackElo "1990"]
[PlyCount "114"]
[EventDate "2018.10.13"]
[EventType "swiss"]
[EventRounds "4"]
[EventCountry "FIN"]
[SourceTitle "EXT 2021"]
[Source "ChessBase"]
[SourceDate "2020.10.23"]
[SourceVersion "1"]
[SourceVersionDate "2020.10.23"]
[SourceQuality "1"]

1. Nf3 Nf6 2. c4 c6 3. Nc3 d5 4. d4 e6 5. Bg5 Be7 6. e3 h6 7. Bh4 0-0 8. Rc1 Nbd7 9. Bd3 a6 10. cxd5 exd5 11. 0-0 Re8 12. a3 Nf8 13. Ne5 N6d7 14. Bxe7 Qxe7 15. Nf3 Nf6 16. h3 Ne4 17. Nd2 Bf5 18. Ncxe4 Bxe4 19. Bxe4 dxe4 20. Qg4 Nd7 21. Rfd1 Nf6 22. Qe2 Nd5 23. Nc4 Rad8 24. Ne5 Qg5 25. Rc5 Re6 26. b4 f6 27. Nc4 Qg6 28. Na5 Qf7 29. Nb3 f5 30. Rcc1 f4 31. Nc5 f3 32. Qc2 Qg6 33. g4 Re7 34. Kh1 Nf6 35. Rg1 Rd5 36. Rg3 Qg5 37. Kh2 Qh4 38. a4 Rg5 39. Rcg1 Kh8 40. Nb3 h5 41. gxh5 Rxh5 42. Rh1 Ng4+ 43. Kg1 Nxe3 44. Qc1 Nd5 45. b5 axb5 46. axb5 Nf4 47. Kf1 Ne2 48. Qa3 Nxg3+ 49. fxg3 Qxg3 50. Rg1 Qxh3+ 51. Ke1 f2+ 52. Kxf2 Rf7+ 53. Ke1 Qe3+ 54. Kd1 Qxg1+ 55. Kc2 Rf2+ 56. Kc3 Rf3+ 57. Kc4 Qf1+ 0-1

[Event "Tampere TammerSh fall-B"]
[Site "Tampere"]
[Date "2018.10.13"]
[Round "1"]
[White "Hartio, Ilkka"]
[Black "Aalto, Patrik"]
[Result "1/2-1/2"]
[WhiteElo "1990"]
[BlackElo "1855"]
[PlyCount "81"]
[EventDate "2018.10.13"]
[EventType "swiss"]
[EventRounds "4"]
[EventCountry "FIN"]
[SourceTitle "EXT 2021"]
[Source "ChessBase"]
[SourceDate "2020.10.23"]
[SourceVersion "1"]
[SourceVersionDate "2020.10.23"]
[SourceQuality "1"]

1. Nf3 g6 2. g3 Bg7 3. Bg2 c5 4. c4 Nf6 5. Nc3 Nc6 6. d4 cxd4 7. Nxd4 0-0 8. 0-0 Nxd4 9. Qxd4 d6 10. Qd3 Nd7 11. Qc2 Ne5 12. Nd5 Be6 13. Bg5 f6 14. Bf4 Rc8 15. Bxe5 fxe5 16. Qb3 Qd7 17. Rac1 Rc5 18. Qa3 b5 19. b4 Rxc4 20. Rxc4 bxc4 21. Qa6 Bxd5 22. Bxd5+ e6 23. Bxc4 e4 24. e3 d5 25. Bb3 h5 26. Qe2 Rb8 27. f3 exf3 28. Rxf3 Rxb4 29. Bc2 Qe8 30. Qd3 Rg4 31. Rf4 Rxf4 32. gxf4 Bh6 33. Qxg6+ Qxg6+ 34. Bxg6 h4 35. Kg2 Kg7 36. Bc2 d4 37. exd4 Bxf4 38. Bb3 Kf6 39. h3 Be3 40. d5 exd5 41. Bxd5 1/2-1/2

[Event "FIN-chT1B 1718"]
[Site "Finland"]
[Date "2017.10.22"]
[Round "4.2"]
[White "Munukka, Timo"]
[Black "Hartio, Ilkka"]
[Result "1/2-1/2"]
[WhiteElo "1938"]
[BlackElo "2031"]
[PlyCount "21"]
[EventDate "2017.09.16"]
[EventType "team-tourn"]
[EventRounds "7"]
[EventCountry "FIN"]
[SourceTitle "EXT 2020"]
[Source "ChessBase"]
[SourceDate "2019.10.17"]
[SourceVersion "1"]
[SourceVersionDate "2019.10.17"]
[SourceQuality "1"]
[WhiteTeam "Espoo ESK"]
[BlackTeam "Jyvaskyla JyS II"]
[WhiteTeamCountry "FIN"]
[BlackTeamCountry "FIN"]

1. d4 Nf6 2. c4 g6 3. Nc3 d5 4. cxd5 Nxd5 5. e4 Nxc3 6. bxc3 Bg7 7. Be3 c5 8. Nf3 0-0 9. Qd2 cxd4 10. cxd4 Nc6 11. Rb1 1/2-1/2

[Event "FIN-chT1B 1718"]
[Site "Finland"]
[Date "2017.09.16"]
[Round "1.3"]
[White "Heikkinen, Jyrki"]
[Black "Hartio, Ilkka"]
[Result "0-1"]
[WhiteElo "2008"]
[BlackElo "2031"]
[PlyCount "92"]
[EventDate "2017.09.16"]
[EventType "team-tourn"]
[EventRounds "7"]
[EventCountry "FIN"]
[SourceTitle "EXT 2020"]
[Source "ChessBase"]
[SourceDate "2019.10.17"]
[SourceVersion "1"]
[SourceVersionDate "2019.10.17"]
[SourceQuality "1"]
[WhiteTeam "Helsinki LauttSK"]
[BlackTeam "Jyvaskyla JyS II"]
[WhiteTeamCountry "FIN"]
[BlackTeamCountry "FIN"]

1. d4 Nf6 2. f3 d5 3. e4 dxe4 4. Nc3 c5 5. d5 exf3 6. Nxf3 g6 7. Bg5 Bg7 8. Qd2 h6 9. Be3 Nbd7 10. Bb5 a6 11. Bxd7+ Bxd7 12. Bxc5 0-0 13. Be3 Kh7 14. 0-0 Rc8 15. Rad1 Qc7 16. h3 b5 17. a3 a5 18. Bf4 Qc5+ 19. Be3 Qc7 20. Ne1 b4 21. axb4 axb4 22. Nb1 Bb5 23. Qxb4 Bxf1 24. Kxf1 Rb8 25. Qc5 Qe5 26. b3 Ne4 27. Qc4 Ng3+ 28. Kf2 Nf5 29. Bf4 Qf6 30. Kg1 Rbc8 31. Qd3 Nd4 32. Be3 Nf5 33. c4 Rfd8 34. Bf4 e6 35. Nf3 exd5 36. cxd5 Qb6+ 37. Kh2 Nd6 38. Na3 Rc3 39. Qe2 Qxb3 40. Nb1 Rc2 41. Qf1 Qc4 42. Qxc4 Rxc4 43. Be3 Re8 44. Nbd2 Rxe3 45. Nxc4 Nxc4 46. d6 Re8 0-1

[Event "Heart of Finland op 27th"]
[Site "Jyvaskyla"]
[Date "2017.07.18"]
[Round "2"]
[White "Hartio, Ilkka"]
[Black "Ruosteenoja, Eero"]
[Result "1/2-1/2"]
[WhiteElo "2018"]
[BlackElo "1906"]
[PlyCount "25"]
[EventDate "2017.07.17"]
[EventType "swiss"]
[EventRounds "9"]
[EventCountry "FIN"]
[SourceTitle "EXT 2022"]
[Source "ChessBase"]
[SourceDate "2021.10.06"]
[SourceVersion "1"]
[SourceVersionDate "2021.10.06"]
[SourceQuality "1"]

1. e4 c6 2. d4 d5 3. Nd2 dxe4 4. Nxe4 Nf6 5. Nxf6+ gxf6 6. Nf3 Bg4 7. Be2 e6 8. h3 Bh5 9. c3 Nd7 10. Bf4 Nb6 11. g4 Bg6 12. Bd3 Bd6 13. Bxd6 1/2-1/2

[Event "Tampere We TammerSh A"]
[Site "Tampere"]
[Date "2017.03.26"]
[Round "4"]
[White "Hartio, Ilkka"]
[Black "Lindholm, Jere"]
[Result "1-0"]
[WhiteElo "2019"]
[BlackElo "2032"]
[PlyCount "70"]
[EventDate "2017.03.25"]
[EventType "swiss"]
[EventRounds "4"]
[EventCountry "FIN"]
[SourceTitle "EXT 2022"]
[Source "ChessBase"]
[SourceDate "2021.10.06"]
[SourceVersion "1"]
[SourceVersionDate "2021.10.06"]
[SourceQuality "1"]

1. Nf3 Nf6 2. g3 g6 3. Bg2 Bg7 4. 0-0 0-0 5. d3 d5 6. Nbd2 c5 7. e4 Nc6 8. Re1 d4 9. a4 a6 10. Nc4 Be6 11. Ng5 Bxc4 12. dxc4 Ne5 13. Qe2 d3 14. cxd3 Qxd3 15. f4 Qxe2 16. Rxe2 Nxc4 17. e5 Nd7 18. Bxb7 Ra7 19. Bg2 e6 20. a5 h6 21. Ne4 Rd8 22. Nf2 Rb8 23. Rc2 Rb4 24. Bf1 Ncxe5 25. fxe5 Bxe5 26. Nd3 Bd4+ 27. Kg2 Rb3 28. Bxh6 Rab7 29. Ra2 e5 30. Nc1 Rxb2 31. Rcxb2 Bxb2 32. Bxa6 Rb8 33. Be2 Bd4 34. Bf3 f5 35. Bc6 Nf6 1-0

[Event "Tampere We TammerSh A"]
[Site "Tampere"]
[Date "2017.03.25"]
[Round "2"]
[White "Alho, Sauli"]
[Black "Hartio, Ilkka"]
[Result "1-0"]
[WhiteElo "2111"]
[BlackElo "2019"]
[PlyCount "43"]
[EventDate "2017.03.25"]
[EventType "swiss"]
[EventRounds "4"]
[EventCountry "FIN"]
[SourceTitle "EXT 2022"]
[Source "ChessBase"]
[SourceDate "2021.10.06"]
[SourceVersion "1"]
[SourceVersionDate "2021.10.06"]
[SourceQuality "1"]

1. e4 c6 2. d4 d5 3. Nc3 dxe4 4. Nxe4 Nf6 5. Nxf6+ exf6 6. Nf3 Bd6 7. h3 0-0 8. Be3 Re8 9. Be2 Nd7 10. 0-0 Nf8 11. c4 Be6 12. Qd2 f5 13. Rad1 Ng6 14. d5 cxd5 15. cxd5 Bd7 16. Rfe1 a6 17. Bd3 Ne5 18. Nxe5 Bxe5 19. Rc1 Rc8 20. Bf4 Qf6 21. Rxc8 Bxc8 22. Qc3 1-0

[Event "EU-ch rapid"]
[Site "Tallinn"]
[Date "2016.12.15"]
[Round "1"]
[White "Hartio, Ilkka"]
[Black "Wojtaszek, Radoslaw"]
[Result "0-1"]
[WhiteElo "2020"]
[BlackElo "2749"]
[PlyCount "78"]
[EventDate "2016.12.15"]
[EventType "swiss (rapid)"]
[EventRounds "11"]
[EventCountry "EST"]
[SourceTitle "CBM 176 Extra"]
[Source "ChessBase"]
[SourceDate "2017.03.02"]
[SourceVersion "1"]
[SourceVersionDate "2017.03.02"]
[SourceQuality "1"]

1. Nf3 c5 2. c4 Nc6 3. d4 cxd4 4. Nxd4 Nf6 5. Nc3 e6 6. a3 Be7 7. e4 0-0 8. Be2 b6 9. Nxc6 dxc6 10. Qxd8 Rxd8 11. Be3 e5 12. 0-0 Be6 13. h3 Nd7 14. b4 a5 15. b5 cxb5 16. Nxb5 Bc5 17. Nc7 Rac8 18. Nxe6 fxe6 19. Bg5 Nf6 20. a4 Rd4 21. Bxf6 gxf6 22. Bg4 Kf7 23. Rfd1 Rxe4 24. Rd7+ Be7 25. Rb1 f5 26. Bh5+ Kf6 27. Rxb6 Rd4 28. Rxd4 exd4 29. Be2 Bc5 30. Rb5 e5 31. g4 Rc7 32. Kf1 e4 33. gxf5 Kxf5 34. Rxa5 d3 35. Bg4+ Ke5 36. Ra8 Rf7 37. Re8+ Kd4 38. Rd8+ Kc3 39. f3 e3 0-1

[Event "FIN-chT 1617"]
[Site "Finland"]
[Date "2016.09.18"]
[Round "2.8"]
[White "Tusa, Tuukka"]
[Black "Hartio, Ilkka"]
[Result "1-0"]
[WhiteElo "2148"]
[BlackElo "2023"]
[PlyCount "117"]
[EventDate "2016.09.17"]
[EventType "team-tourn"]
[EventRounds "11"]
[EventCountry "FIN"]
[SourceTitle "CBM 174 Extra"]
[Source "ChessBase"]
[SourceDate "2016.10.10"]
[SourceVersion "1"]
[SourceVersionDate "2016.10.10"]
[SourceQuality "1"]
[WhiteTeam "Helsinki Velhot"]
[BlackTeam "Jyvaskyla JyS"]
[WhiteTeamCountry "FIN"]
[BlackTeamCountry "FIN"]

1. c4 c6 2. g3 Nf6 3. Bg2 d5 4. Nf3 g6 5. 0-0 Bg7 6. Qc2 0-0 7. d3 Bg4 8. Nc3 Nbd7 9. h3 Bxf3 10. exf3 e6 11. b3 Re8 12. f4 Rc8 13. Bb2 Nf8 14. d4 Nh5 15. Rad1 f5 16. Rfe1 Qf6 17. Qd2 Rcd8 18. Ne2 Qf7 19. Qc2 Nf6 20. Nc1 N8d7 21. Nd3 Bf8 22. Kh2 h6 23. Re3 Bd6 24. Rde1 Nf8 25. Ne5 Qg7 26. f3 N6d7 27. Nd3 Qf7 28. Bf1 Rc8 29. Qc3 Qg7 30. Qd2 Qf7 31. R1e2 Rcd8 32. Qe1 Rc8 33. Nb4 Nf6 34. Rc2 Qd7 35. Nd3 Qf7 36. Ne5 Qg7 37. Qc1 N6d7 38. Bd3 Nxe5 39. fxe5 Be7 40. Re1 Rcd8 41. Rg2 Qf7 42. Qxh6 Nh7 43. Qe3 Kg7 44. f4 Rh8 45. g4 Rdg8 46. gxf5 exf5 47. cxd5 cxd5 48. Qf3 Nf8 49. e6 Qf6 50. Rg3 Nxe6 51. Reg1 Rh6 52. Bc1 Nc7 53. Qe3 Bd6 54. Rg5 Re8 55. Qg3 Kh7 56. Bxf5 gxf5 57. Rg7+ Kh8 58. Rg8+ Kh7 59. Qg7+ 1-0

[Event "Tampere We TammerSh A"]
[Site "Tampere"]
[Date "2016.04.02"]
[Round "3"]
[White "Sorvari, Jarmo"]
[Black "Hartio, Ilkka"]
[Result "1-0"]
[WhiteElo "2056"]
[BlackElo "2010"]
[PlyCount "101"]
[EventDate "2016.04.01"]
[EventType "swiss"]
[EventRounds "5"]
[EventCountry "FIN"]
[SourceTitle "EXT 2022"]
[Source "ChessBase"]
[SourceDate "2021.10.06"]
[SourceVersion "1"]
[SourceVersionDate "2021.10.06"]
[SourceQuality "1"]

1. d4 Nf6 2. c4 g6 3. Nc3 d5 4. Bg5 Ne4 5. Bh4 Nxc3 6. bxc3 Bg7 7. e3 c5 8. cxd5 cxd4 9. cxd4 Qxd5 10. Nf3 Nc6 11. Be2 Qa5+ 12. Qd2 Qxd2+ 13. Kxd2 0-0 14. Rab1 Rd8 15. Rhc1 a6 16. Ke1 h6 17. h3 g5 18. Bg3 e6 19. a4 Bf8 20. Kf1 Bd6 21. Bxd6 Rxd6 22. Rb6 f6 23. Nd2 Kf8 24. Ne4 Ke7 25. Nxd6 Kxd6 26. Bf3 Kc7 27. Rbxc6+ bxc6 28. Rxc6+ Kd7 29. Rxe6 Kxe6 30. Bxa8 a5 31. Bc6 Kd6 32. Bb5 h5 33. Ke2 h4 34. e4 Bb7 35. Ke3 Bc8 36. Bc4 Bd7 37. Bb3 Bc6 38. f4 Bb7 39. fxg5 fxg5 40. e5+ Ke7 41. d5 Ba6 42. Kf3 Bf1 43. Kg4 Bxg2 44. Kxg5 Bxh3 45. Kxh4 Bg2 46. Kg5 Be4 47. Kf4 Bg6 48. Ke3 Be8 49. Kd4 Kd7 50. Kc5 Kc7 51. d6+ 1-0

[Event "FIN-chT2 Gp3 1516"]
[Site "Finland"]
[Date "2015.10.11"]
[Round "5.3"]
[White "Hartio, Ilkka"]
[Black "Pulli, Matti"]
[Result "1/2-1/2"]
[WhiteElo "2010"]
[BlackElo "1888"]
[PlyCount "91"]
[EventDate "2015.09.12"]
[EventType "team-tourn"]
[EventRounds "6"]
[EventCountry "FIN"]
[SourceTitle "EXT 2017"]
[Source "ChessBase"]
[SourceDate "2016.10.25"]
[SourceVersion "1"]
[SourceVersionDate "2016.10.25"]
[SourceQuality "1"]
[WhiteTeam "Jyvaskyla JyS II"]
[BlackTeam "Helsinki KSK II"]
[WhiteTeamCountry "FIN"]
[BlackTeamCountry "FIN"]

1. e4 c6 2. Nc3 d5 3. Nf3 dxe4 4. Nxe4 Nf6 5. Ng3 Bg4 6. Bc4 Nbd7 7. 0-0 Bxf3 8. Qxf3 Ne5 9. Qe2 Nxc4 10. Qxc4 e6 11. d4 Be7 12. Re1 0-0 13. c3 Qd5 14. Qd3 Rfd8 15. Bf4 c5 16. Be5 cxd4 17. Bxd4 Bc5 18. Qb5 Bxd4 19. Qxd5 Bxf2+ 20. Kxf2 Rxd5 21. h3 Rad8 22. Re2 Rd2 23. Rae1 Kf8 24. c4 b6 25. b3 g6 26. Rc1 Ke7 27. Rc3 h5 28. Ke3 Rxe2+ 29. Nxe2 e5 30. Rc2 Ke6 31. Nc3 Rd7 32. Nb5 Ne8 33. b4 a6 34. Nc3 Nc7 35. Na4 Rd6 36. c5 bxc5 37. Nxc5+ Ke7 38. a3 f5 39. g3 Nd5+ 40. Ke2 g5 41. Nb7 Rb6 42. Na5 f4 43. Rc5 Ke6 44. Nc4 Rb5 45. Rc6+ Ke7 46. Nxe5 1/2-1/2

[Event "Mikkeli We MikkSk"]
[Site "Mikkeli"]
[Date "2015.04.11"]
[Round "2"]
[White "Hartio, Ilkka"]
[Black "Sklyarov, Dmitry V"]
[Result "0-1"]
[WhiteElo "2039"]
[BlackElo "2436"]
[PlyCount "46"]
[EventDate "2015.04.11"]
[EventType "swiss"]
[EventRounds "5"]
[EventCountry "FIN"]
[SourceTitle "EXT 2022"]
[Source "ChessBase"]
[SourceDate "2021.10.06"]
[SourceVersion "1"]
[SourceVersionDate "2021.10.06"]
[SourceQuality "1"]

1. Nf3 g6 2. e4 Bg7 3. g3 d5 4. exd5 Qxd5 5. d3 Bg4 6. Bg2 Qe6+ 7. Qe2 Qxe2+ 8. Kxe2 Nc6 9. c3 0-0-0 10. h3 Bf5 11. Rd1 e5 12. g4 Bd7 13. Nbd2 f5 14. g5 Nge7 15. Nb3 Be6 16. Be3 Nd5 17. d4 f4 18. c4 Nxe3 19. fxe3 Bxc4+ 20. Kf2 fxe3+ 21. Kxe3 exd4+ 22. Kd2 d3 23. Rab1 Rhe8 0-1